000 00432nam a2200145Ia 4500
008 100204s9999 xx 000 0 und d
082 _b13788
100 _aभारव्दाज मंदाकिनी
245 _aभुरळ
260 _b"दिपाली प्रकाशन , कल्याण , ठाणे"
_c1983
300 _a187
630 _aभुरळ
730 _aभुरळ
942 _cBOOK
999 _c458220
_d458217